Deutsche Städte, die auf -stadt enden - Statistiken

Allgemein
  • Dieses Quiz wurde 83 mal gespielt
  • Das Durchschnittsergebnis liegt bei 5 aus 22
Antwortstatistiken
BL Einwohner Stadt % Korrekt
HE 167.029 Darmstadt
90%
BY 141.185 Ingolstadt
77%
NI 44.668 Neustadt am Rübenberge
61%
RP 52.945 Neustadt an der Weinstraße
61%
BW 24.464 Freudenstadt
24%
ST 37.898 Halberstadt
20%
NW 68.739 Lippstadt
20%
BB 24.703 Eisenhüttenstadt
18%
NW 48.772 Erftstadt
18%
TH 28.615 Arnstadt
15%
BW 46.243 Filderstadt
14%
TH 24.852 Rudolstadt
14%
BW 46.950 Albstadt
13%
HE 25.415 Pfungstadt
11%
BW 27.074 Weinstadt
10%
HE 21.298 Seligenstadt
7%
HE 26.583 Weiterstadt
7%
NW 24.238 Lennestadt
6%
HE 21.245 Groß-Umstadt
4%
RP 21.387 Schifferstadt
4%
NI 20.375 Duderstadt
1%
HE 23.146 Riedstadt
1%
Keine übereinstimmenden Quizze gefunden
Verteilung der Resultate
Anzahl Personen mit jedem Resultat
Perzentil nach korrekt beantworteten Fragen
Ihre Resultats-Entwicklung
Sie haben dieses Quiz noch nicht gespielt